00229nam a2200085Ia 4500008004100000100002000041245004600061260002800107300000800135201217s9999 xx 000 0 und d aSalmon, Michael 0aIndustrial Relations : Theory & Practrice aNew YorkbPrentice Hall a577